Normal view
MARC view
Entry Personal Name
001 - CONTROL NUMBER
- control field: 29611
003 - CONTROL NUMBER IDENTIFIER
- control field: OSt
005 - DATE AND TIME OF LATEST TRANSACTION
- control field: 20241213140326.0
008 - FIXED-LENGTH DATA ELEMENTS
- fixed length control field: 241213|| aca||aabn | a|a d
040 ## - CATALOGING SOURCE
- Original cataloging agency: OSt
- Transcribing agency: OSt
100 ## - HEADING--PERSONAL NAME
- Personal name: Gurihiru
- Relator term: illustrator
670 ## - SOURCE DATA FOUND
- Source citation: Work cat.: (OSt): Chi. Luna. 29608, Go to sleep, Anxiety! /, 2024.